000 01085nam a2200253 a 4500
001 40199
003 BD-RjUL
005 20211209053147.0
008 160424s1989 ii ||||| b||| 00| 0 ben d
020 _c: IRs. 50.00
035 _a(BD-RjUL) 40314
040 _aBD-RjUL
_bben
_cBD-RjUL
041 _aben
082 _223
_a891.44109
_bROA 1991
100 _aরায়, জীবেন্দ্র সিংহ
_9123792
245 1 0 _aআধুনিক বাঙলা গীতিকবিতা :
_bওড: উনিশ শতক /
_cজীবেন্দ্র সিংহ রায়
250 _aপরিমার্জিত ২য় সং.
260 _aকলকাতা :
_bসাহিত্যলোক,
_c১৯৮৯
300 _a[৯], ২৫৪ পৃ. ;
_c২১ সেমি.
504 _aফুটনোট এবং নির্ঘণ্ট সংযুক্ত
650 _aবাংলা কবিতা
_xইতিহাস ও সমালোচনা
_9123793
650 _aBengali Poetry
_xHistory and Criticism
_9123794
942 _2ddc
_cBK
999 _c40199
_d40199